| 000 | 00524cam a22001217a 4500 | ||
|---|---|---|---|
| 008 | 180718b xxu||||| |||| 00| 0 eng d | ||
| 082 | _aG26x54 In2pro | ||
| 245 |
_aProceedings of the symposium held at Madras on the 5th and 6th October, 1972 on "legislature and autonomous bodies" and juridusdiction of Parliament and state legislatures: respective spheres of work _cby Lok Sabha Secretariat |
||
| 260 |
_aNew Delhi _bLok Sabha Secretariat _c |
||
| 300 | _a66+p. | ||
| 440 | _aCon. No. 243 | ||
| 700 | _aIndia. Lok Sabha Secretariat | ||
| 999 |
_c491292 _d491292 |
||